| 000 | 00926nam a2200277Ia 4500 | ||
|---|---|---|---|
| 003 | OSt | ||
| 005 | 20221005073205.0 | ||
| 006 | a|||||r|||| 00| 0 | ||
| 007 | ta | ||
| 008 | 221004b |||||||| |||| 00| 0 hin d | ||
| 020 |
_a8186684263 _c125 |
||
| 024 | _a83471 | ||
| 037 |
_b9, 30/03/2005, Manak Publication _cTextual |
||
| 040 |
_aCRL _cCRL _bhin |
||
| 041 |
_2hin _ahin |
||
| 082 | _aV2:71.C, 152N8-;1 | ||
| 100 | _aSharma Ram Saran | ||
| 245 | 0 |
_aMadhya Ganga kshetra mein rajya ki sanrachna _b Puratattvik aur nrtattvik adhyayan tr by Mangal Nath Singh |
|
| 260 |
_aNew Delhi _bGranth Shilpi India _c1998 |
||
| 300 |
_a102p. _ccm. |
||
| 650 | _a INDIA - HISTORY | ||
| 650 | _aARCHEOLOGY - INDIA | ||
| 700 |
_a Mangal Nath Singh Tr. _9607826 |
||
| 942 |
_hV2:71.C, 152N8-;1 _cTEXL _2cc |
||
| 999 |
_c980754 _d980754 |
||